[Event "01.Chess Org-Pokal -Open-"]
[Site "Bad Zwischenahn(30.07.-08.08)"]
[Date "2004.??.??"]
[Round "8.10"]
[White "Billen, Hans-Juergen"]
[Black "Burghardt, Bernd,Dr."]
[Result "1/2-1/2"]
[WhiteElo "1502"]
[BlackElo "1591"]
[PlyCount "65"]
[EventDate "2004.08.??"]
[SourceDate "2005.04.17"]

1. d4 Nf6 2. c4 g6 3. Nc3 Bg7 4. e4 d6 5. Nf3 O-O 6. Be2 e5 7. d5 a5 8. O-O Na6
9. Qc2 Nc5 10. Be3 Ng4 11. Bxc5 dxc5 12. h3 Nh6 13. Rad1 f5 14. Qd2 Nf7 15. Bd3
f4 16. Be2 Nd6 17. b3 g5 18. Nh2 Rf6 19. Bg4 Bxg4 20. Nxg4 Rg6 21. Qe2 h5 22.
Nh2 g4 23. hxg4 hxg4 24. Nxg4 Qh4 25. f3 Kf7 26. Qf2 Qh5 27. Qxc5 Rc8 28. Nb5
b6 29. Nxd6+ Rxd6 30. Qa3 Rh8 31. c5 Rg6 32. b4 Rxg4 33. fxg4 1/2-1/2

[Event "01.Chess Org-Pokal -Open-"]
[Site "Bad Zwischenahn(30.07.-08.08)"]
[Date "2004.??.??"]
[Round "8.11"]
[White "Wempe, Moritz"]
[Black "Rulfs, Ernst-August"]
[Result "1-0"]
[WhiteElo "1491"]
[BlackElo "1386"]
[PlyCount "63"]
[EventDate "2004.08.??"]
[SourceDate "2005.04.17"]

1. e4 e6 2. d4 d5 3. exd5 exd5 4. Nf3 Bd6 5. Bd3 Qe7+ 6. Be3 Nf6 7. O-O Be6 8.
Re1 Nbd7 9. Nc3 O-O 10. Bg5 c5 11. Nxd5 Qd8 12. Nxf6+ Nxf6 13. c3 cxd4 14. Nxd4
h6 15. Bh4 Bxh2+ 16. Kxh2 Ng4+ 17. Qxg4 Bxg4 18. Bxd8 Raxd8 19. Re7 Rd7 20.
Rae1 Rxe7 21. Rxe7 Bc8 22. Nf5 g6 23. Nd6 Be6 24. Re8 Bxa2 25. Rxf8+ Kxf8 26.
Nxb7 Bd5 27. Nd6 a5 28. Bc4 Ke7 29. Bxd5 Kxd6 30. Bxf7 g5 31. Kg3 Kc5 32. Kg4
1-0

[Event "01.Chess Org-Pokal -Open-"]
[Site "Bad Zwischenahn(30.07.-08.08)"]
[Date "2004.??.??"]
[Round "8.12"]
[White "Wempe, Felix"]
[Black "Witzschel, Peter"]
[Result "0-1"]
[WhiteElo "1262"]
[BlackElo "1371"]
[PlyCount "34"]
[EventDate "2004.08.??"]
[SourceDate "2005.04.17"]

1. e4 e5 2. Nf3 Nc6 3. Nc3 g6 4. d3 Bg7 5. Be2 d6 6. h3 Nge7 7. Be3 Nd4 8. Qd2
Be6 9. Bd1 a6 10. Bh6 Nxf3+ 11. Bxf3 Bf6 12. Bg5 Nc6 13. Bh6 Nd4 14. Bd1 Qe7
15. g4 Rg8 16. Be3 g5 17. Ne2 Nf3+ 0-1

[Event "01.Chess Org-Pokal -Open-"]
[Site "Bad Zwischenahn(30.07.-08.08)"]
[Date "2004.??.??"]
[Round "9.1"]
[White "Rotstein, Arkadij"]
[Black "Juergens, Bernhard"]
[Result "1-0"]
[WhiteElo "2462"]
[BlackElo "1977"]
[PlyCount "47"]
[EventDate "2004.08.??"]
[SourceDate "2005.04.17"]

1. Nf3 f5 2. g3 Nf6 3. Bg2 g6 4. O-O Bg7 5. d4 O-O 6. b4 Nc6 7. b5 Na5 8. Nbd2
d5 9. Ne5 Ne4 10. Nxe4 fxe4 11. Bd2 Bxe5 12. dxe5 Nc4 13. Bh6 Rf7 14. Bxe4 Be6
15. Bg2 Nxe5 16. Qd4 Ng4 17. Bf4 a6 18. a4 axb5 19. axb5 Rxa1 20. Rxa1 g5 21.
Bxg5 Nxf2 22. Bc1 h6 23. Bb2 Kh7 24. Rf1 1-0

[Event "01.Chess Org-Pokal -Open-"]
[Site "Bad Zwischenahn(30.07.-08.08)"]
[Date "2004.??.??"]
[Round "9.2"]
[White "Lichman, Peter"]
[Black "Fish, Gennadij"]
[Result "0-1"]
[WhiteElo "2162"]
[BlackElo "2545"]
[PlyCount "36"]
[EventDate "2004.08.??"]
[SourceDate "2005.04.17"]

1. d4 Nf6 2. c4 e6 3. Nc3 Bb4 4. f3 c5 5. d5 b5 6. e4 bxc4 7. Bxc4 exd5 8. Bxd5
Nxd5 9. Qxd5 Nc6 10. Nge2 Ba6 11. Be3 Qb6 12. Rd1 O-O 13. Kf2 Rfe8 14. f4 d6
15. b3 Rad8 16. Na4 Qc7 17. Ng3 Ne5 18. fxe5 dxe5 0-1

[Event "01.Chess Org-Pokal -Open-"]
[Site "Bad Zwischenahn(30.07.-08.08)"]
[Date "2004.??.??"]
[Round "9.3"]
[White "Gutman, Lev"]
[Black "Bohnstorff, Michael"]
[Result "1-0"]
[WhiteElo "2407"]
[BlackElo "2025"]
[PlyCount "45"]
[EventDate "2004.08.??"]
[SourceDate "2005.04.17"]

1. d4 d5 2. c4 c6 3. Nf3 Nf6 4. Qc2 e6 5. e3 Nbd7 6. Nc3 Be7 7. Bd2 Nf8 8.
O-O-O b6 9. h4 Ng4 10. Be1 h5 11. Ne5 Nxe5 12. dxe5 Ng6 13. f4 Bd7 14. g3 Bc5
15. e4 dxc4 16. Bxc4 Qe7 17. Kb1 b5 18. Bf1 a6 19. Bf2 Bb4 20. a3 Ba5 21. Na2
Qd8 22. Be2 Bb6 23. Rxd7 1-0

[Event "01.Chess Org-Pokal -Open-"]
[Site "Bad Zwischenahn(30.07.-08.08)"]
[Date "2004.??.??"]
[Round "9.4"]
[White "Kroencke, Manfred"]
[Black "Molzahn, Norbert"]
[Result "1-0"]
[WhiteElo "2147"]
[BlackElo "1975"]
[PlyCount "87"]
[EventDate "2004.08.??"]
[SourceDate "2005.04.17"]

1. e4 c5 2. Nf3 Nc6 3. Bb5 g6 4. O-O Bg7 5. Re1 Nf6 6. c3 O-O 7. e5 Nd5 8. d4
cxd4 9. cxd4 a6 10. Bc4 Nb6 11. Bb3 d5 12. h3 Bf5 13. Nc3 Na5 14. Bc2 Bxc2 15.
Qxc2 Rc8 16. Qe2 Nbc4 17. Nd1 b5 18. b3 Nb6 19. Bd2 Nc6 20. Rc1 Rc7 21. Nb2 Qc8
22. Nd3 Rd8 23. Bf4 e6 24. Qe3 Nd7 25. Bg5 Re8 26. Qf4 Qb7 27. Nh2 Rec8 28. Ng4
Na7 29. Bf6 Rxc1 30. Nxc1 Nxf6 31. exf6 Bf8 32. Nh6+ Kh8 33. Nd3 Nc6 34. h4 Qc7
35. Qe3 Bd6 36. h5 Rf8 37. hxg6 fxg6 38. Qxe6 Nxd4 39. Qxd5 Nc2 40. Rc1 Nb4 41.
Qe6 Nc6 42. Rxc6 Qxc6 43. Qg8+ Rxg8 44. Nf7# 1-0

[Event "01.Chess Org-Pokal -Open-"]
[Site "Bad Zwischenahn(30.07.-08.08)"]
[Date "2004.??.??"]
[Round "9.5"]
[White "Brummer, Bernfried"]
[Black "Bartels, Holger"]
[Result "0-1"]
[WhiteElo "1712"]
[BlackElo "2095"]
[PlyCount "64"]
[EventDate "2004.08.??"]
[SourceDate "2005.04.17"]

1. f4 c5 2. Nf3 g6 3. e3 Bg7 4. Be2 Nf6 5. O-O O-O 6. d3 d5 7. Qe1 b6 8. Nc3
Bb7 9. Qh4 e6 10. Ne5 d4 11. Nd1 dxe3 12. Nxe3 Nc6 13. Bf3 Qc7 14. Nxc6 Bxc6
15. Bxc6 Qxc6 16. Rf3 Rfd8 17. Bd2 Ne4 18. Bc1 Nd6 19. Rh3 h6 20. g4 c4 21. d4
c3 22. f5 g5 23. Qh5 Qe4 24. bxc3 Ne8 25. fxe6 fxe6 26. Rg3 Nf6 27. Qh3 Rac8
28. Ba3 Nd5 29. Nxd5 exd5 30. Rf1 Rxc3 31. Rxc3 Bxd4+ 32. Re3 Bxe3+ 0-1

[Event "01.Chess Org-Pokal -Open-"]
[Site "Bad Zwischenahn(30.07.-08.08)"]
[Date "2004.??.??"]
[Round "9.8"]
[White "Burghardt, Bernd,Dr."]
[Black "Wempe, Juergen"]
[Result "0-1"]
[WhiteElo "1591"]
[BlackElo "2113"]
[PlyCount "42"]
[EventDate "2004.08.??"]
[SourceDate "2005.04.17"]

1. g3 e5 2. e4 Bc5 3. Bg2 Nc6 4. d3 Nf6 5. Bd2 d6 6. h3 Be6 7. Nc3 a6 8. Nd5
Bxd5 9. exd5 Nb4 10. c4 Nxd3+ 11. Ke2 e4 12. Be3 Bxe3 13. fxe3 O-O 14. Qc2 Qd7
15. g4 Rfe8 16. Kd2 b5 17. b3 bxc4 18. bxc4 Rab8 19. Rb1 Rxb1 20. Qxb1 Qa4 21.
Qb3 Qa5+ 0-1

[Event "01.Chess Org-Pokal -Open-"]
[Site "Bad Zwischenahn(30.07.-08.08)"]
[Date "2004.??.??"]
[Round "9.9"]
[White "Wempe, Moritz"]
[Black "Wempe, Felix"]
[Result "1-0"]
[WhiteElo "1491"]
[BlackElo "1262"]
[PlyCount "83"]
[EventDate "2004.08.??"]
[SourceDate "2005.04.17"]

1. d4 d5 2. c4 dxc4 3. e4 Nf6 4. Nc3 e6 5. a3 Be7 6. Bxc4 O-O 7. Bg5 c5 8. dxc5
h6 9. Bxf6 Bxf6 10. Rc1 Bg5 11. Qxd8 Rxd8 12. Rd1 Rxd1+ 13. Nxd1 Nc6 14. Nf3
Be7 15. b4 e5 16. Ne3 Bf8 17. Bb3 Bd7 18. Nc4 Re8 19. Ba4 f6 20. O-O Rd8 21.
Rd1 Nd4 22. Bxd7 Rxd7 23. Nxd4 exd4 24. Nd2 d3 25. Nb3 g6 26. Nc1 a5 27. Rxd3
Re7 28. f3 f5 29. Re3 axb4 30. axb4 Re6 31. Kf2 h5 32. exf5 Rxe3 33. Kxe3 Bh6+
34. f4 g5 35. Nd3 Kg7 36. fxg5 Bxg5+ 37. Ke4 Kf6 38. b5 Bd2 39. c6 bxc6 40.
bxc6 Ba5 41. Nf4 h4 42. c7 1-0

[Event "01.Chess Org-Pokal -Open-"]
[Site "Bad Zwischenahn(30.07.-08.08)"]
[Date "2004.??.??"]
[Round "9.10"]
[White "Witzschel, Peter"]
[Black "Makoui, Mazeyar"]
[Result "0-1"]
[WhiteElo "1371"]
[BlackElo "1638"]
[PlyCount "72"]
[EventDate "2004.08.??"]
[SourceDate "2005.04.17"]

1. d4 c5 2. d5 Nf6 3. c4 d6 4. Nc3 g6 5. e4 Bg7 6. Bd3 O-O 7. Nge2 e6 8. O-O
Nbd7 9. f4 exd5 10. cxd5 a6 11. a4 Rb8 12. h3 Qc7 13. Be3 c4 14. Bc2 Nc5 15.
Bd4 Ncd7 16. Qd2 Re8 17. Ng3 Nc5 18. Ra3 b5 19. axb5 axb5 20. Na2 Nfxe4 21.
Nxe4 Nxe4 22. Bxe4 Rxe4 23. Bxg7 Kxg7 24. Qc3+ f6 25. Nb4 Qc5+ 26. Kh2 Bb7 27.
Na6 Bxa6 28. Rxa6 b4 29. Qf3 Rbe8 30. Rfa1 R4e7 31. R1a5 Qd4 32. Rxd6 Re3 33.
Qg4 h5 34. Qd7+ R8e7 35. Qxe7+ Rxe7 36. Re6 Qxf4+ 0-1

[Event "01.Chess Org-Pokal -Open-"]
[Site "Bad Zwischenahn(30.07.-08.08)"]
[Date "2004.??.??"]
[Round "9.11"]
[White "Dopychai, Reent"]
[Black "Rulfs, Ernst-August"]
[Result "1-0"]
[WhiteElo "1489"]
[BlackElo "1386"]
[PlyCount "43"]
[EventDate "2004.08.??"]
[SourceDate "2005.04.17"]

1. e4 e6 2. Nf3 c5 3. d4 d5 4. exd5 exd5 5. c4 Nf6 6. Nc3 Be7 7. dxc5 Be6 8.
Ng5 Bxc5 9. Nxe6 fxe6 10. cxd5 exd5 11. Bb5+ Nc6 12. O-O O-O 13. Bg5 a6 14. Bd3
Qd6 15. Qb3 Ne7 16. Rad1 Kh8 17. Be2 Rad8 18. Bxf6 Rxf6 19. Ne4 Bxf2+ 20. Rxf2
Rxf2 21. Nxd6 Rxe2 22. Nf7+ 1-0